| 000 | 00880nam a2200277 a 4500 | ||
|---|---|---|---|
| 003 | (BD-SpBAUS) | ||
| 005 | 20250915114427.0 | ||
| 008 | 250915s2025 ii a|||| |||| 001 0 eng d | ||
| 020 | _a9789358702507 | ||
| 040 |
_aBD-SpBAUS _cBD-SpBAUS |
||
| 041 | _aeng | ||
| 082 |
_a515 _bDAA 2025 |
||
| 100 |
_aDass, H. K. _92337 |
||
| 245 |
_aAdvanced Engineering Mathematics / _cH. K. Dass, Rama Verma & Rajnish Verma. |
||
| 250 | _a23th ed. | ||
| 260 |
_aNew Delhi : _bS Chand and Company Limited, _cc1988 ; 2025 |
||
| 300 |
_a xvi, 1274 p. : _bill. ; _c24 cm. |
||
| 504 | _aIncludes index | ||
| 650 |
_a Differential equations _92338 |
||
| 650 |
_aEngineering mathematics _92087 |
||
| 650 |
_aÉquations différentielles _92175 |
||
| 700 |
_aVerma, Rama _92339 |
||
| 700 |
_aVerma, Rajnish _92340 |
||
| 856 | _uhttps://search.worldcat.org/title/818846149 | ||
| 942 |
_2ddc _cBK _n0 |
||
| 999 |
_c954 _d954 |
||